00571nam a2200193Ia 4500003000400000005001700004008004100021020001800062040001800080041000800098082001800106100002300124245010400147250000600251260006100257300001400318650002700332700001800359OSt20240930100825.0210716s2005 xx 000 0 und d a9780070600881 cAIMIT LIBRARY aeng a382 25bHILC aHill, Charles W L. aInternational business: competing in the global marketplace.bCompeting in the global marketplace. a5 aNew DelhibTata McGraw Hill Publishing Company Ltdc2005 axviii,624 aInternational Business aJain, Arun K.